Detalles MARC
| 000 -LÍDER |
| Campo fijo de descripción fija |
01671nam a2200349 i 4500 |
| 001 - NÚMERO DE CONTROL |
| Campo de control |
768714001 |
| 003 - IDENTIFICADOR DEL NÚMERO DE CONTROL |
| Campo de control |
CO-MdFUSB |
| 005 - FECHA Y HORA DE LA ULTIMA TRANSACCIÓN |
| control field |
20200320104031.0 |
| 008 - ELEMENTOS DE LONGITUD FIJA -- INFORMACIÓN GENERAL |
| Campo fijo de descripción fija -- Información general |
200218t1997 ec |||| |||| 00| 0 spa d |
| 020 ## - NÚMERO INTERNACIONAL NORMALIZADO PARA LIBROS |
| Número Internacional Normalizado del libro |
9978951938 |
| 040 ## - FUENTE DE CATALOGACIÓN |
| Agencia de catalogación original |
CO-MdFUSB |
| Idioma de catalogación |
spa |
| Agencia que realiza la transcripción |
CO-MdFUSB |
| Agencia que realiza la modificación |
CO-MdFUSBC |
| Convenciones de la descripción |
rda |
| 041 ## - CÓDIGO DE IDIOMA |
| Código de idioma para texto/pista de sonido o título separado |
spa |
| 082 ## - NÚMERO DE CLASIFICACIÓN DECIMAL DEWEY |
| Número de la edición del Dewey |
23 |
| Número de clasificación |
863 |
| Clave de autor-Numero de item |
Y22 |
| 100 ## - ASIENTO PRINCIPAL--NOMBRE PERSONAL |
| Nombre personal |
Yánez Cossío, Alicia |
| Término relacionador |
autor |
| 245 ## - TÍTULO |
| Título del Material |
Aprendiendo a morir. |
| Mención de responsabilidad, etc. |
/ Alicia Yánez Cossío |
| 264 ## - PRODUCCIÓN, PUBLICACIÓN, DISTRIBUCIÓN, MANUFACTURA, Y COPYRIGHT |
| Lugar de producción, publicación, distribución, manufactura |
Ecuador : |
| Nombre del productor, publicador, distribuidor |
Seix Barral, |
| Fecha de producción, publicación, distribución, manufactura, o copyright |
[1997] |
| 264 ## - PRODUCCIÓN, PUBLICACIÓN, DISTRIBUCIÓN, MANUFACTURA, Y COPYRIGHT |
| Fecha de producción, publicación, distribución, manufactura, o copyright |
© 1997 |
| 300 ## - DESCRIPCIÓN FÍSICA |
| Extensión |
189 páginas |
| Dimensiones |
; 21 cm |
| 336 ## - TIPO DE CONTENIDO |
| Fuente |
rdacontent |
| Término de tipo de contenido |
texto |
| Código de tipo de contenido |
txt |
| 337 ## - TIPO DE MEDIO |
| Fuente |
rdamedia |
| Nombre del tipo de medio |
sin mediación |
| Código del tipo de medio |
n |
| 338 ## - TIPO DE SOPORTE |
| Fuente |
rdacarrier |
| Nombre del tipo de soporte |
volumen |
| Código Tipo de soporte |
nc |
| 490 ## - MENCIÓN DE SERIE |
| Mención de serie |
Biblioteca Breve |
| 505 ## - NOTA DE CONTENIDO |
| Nota de contenido con formato preestablecido |
|
| 520 1# - NOTA DE RESUMEN, ETC. |
| Nota de sumario, etc. |
A través de una crónica profunda y poética de la vida y personalidad de la santa Marianita de Jesús, la autora recrea con espontaneidad y frescura la vida cotidiana de quito en el siglo XVII, época en que transcurre esta novela, una de las mejores de Alicia Yánez. Convencida de que su misión sobre la tierra consistía en orar sin descanso por la salvación de los pecadores y ayudar a los pobres y desamparados, Mariana flagelaba su cuerpo para detener la ira divina y expiar sus propias faltas y las ajenas. Su preocupación por la vida eterna- mientras vivió siempre estuvo aprendiendo a morir- la llevo, a manera de que inmolación, a decidir su propia muerte y lo consiguió. |
| 563 ## - NOTA DE ENCUADERNACIÓN |
| Nota de encuadernación |
Rústico |
| 650 #7 - ASIENTO SECUNDARIO DE MATERIA - TERMINO TEMÁTICO |
| Fuente del encabezamiento o término |
embne |
| 9 (RLIN) |
2265 |
| Término temático o nombre geográfico como elemento de entrada |
Literatura hispanoamericana |
| 653 ## - TÉRMINO DE INDIZACIÓN - NO CONTROLADO |
| Término no controlado |
Literatura ecuatoriana. |
| 653 ## - TÉRMINO DE INDIZACIÓN - NO CONTROLADO |
| Término no controlado |
Novela -- Ecuador |
| 653 ## - TÉRMINO DE INDIZACIÓN - NO CONTROLADO |
| Término no controlado |
Literatura -- Quito -- Siglo XVII |
| 942 ## - TIPO DE MATERIAL (KOHA) |
| Tipo de Item KOHA |
Libros General |
| 945 ## - INFORMACIÓN LOCAL DEL REGISTRO |
| Catalogador |
JTF-925 |
| Revisión registro |
AEM-53 |